000 00330nam a22001217a 4500
020 _a8120329260
082 _222
_a610.78
100 _aJog, Nandini K.
245 _aElectronics in medical and biomedical instrumentation /
260 _aNew Delhi,
_bPrentice Hall,
_cc2007.
300 _aix, 174 p. ;
_bill. ;
_c23 cm.
942 _2ddc
_cMEC
999 _c56
_d56